000 00639nam a22002177a 4500
003 UA-OsUOA
001 72845
007 ta
008 20110128b un ||||| |||| 00| 0 ukr d
100 _aЗадорожний В.
090 _a81
_bЗ-15
942 _cSA
040 _aUA-OsUOA
_bukr
_cUA-OsUOA
_dUA-OsUOA
245 _aПро деякі усталені традиції в українському правописі
300 _aС.33-40
955 _a0
041 _aukr
080 _a81
773 0 _w72842
650 7 _a8 Мовознавство. Художня література. Літературознавство
_2UDC
999 _c359130
_d359130